书目信息 |
| 题名: |
社会科学中的文化
|
|
| 作者: | 库什 著 ;张金岭 译 | |
| 分册: | ||
| 出版信息: | 北京 商务印书馆 2016 |
|
| 页数: | 12,207页 | |
| 开本: | 21cm | |
| 丛书名: | ||
| 单 册: | ||
| 中图分类: | G0 | |
| 科图分类: | ||
| 主题词: | 文化研究--wen hua yan jiu | |
| 电子资源: | ||
| ISBN: | 978-7-100-12413-3 | |
| 000 | 01050nam0 22002651 450 | |
| 001 | 1759776394 | |
| 005 | 20170603153345.0 | |
| 010 | @a978-7-100-12413-3@b精装@dCNY32.00 | |
| 100 | @a20170223d2016 em y0chiy50 ea | |
| 101 | 1 | @achi@cfre |
| 102 | @aCN@b110000 | |
| 105 | @ay z 000yy | |
| 106 | @ar | |
| 200 | 1 | @a社会科学中的文化@Ashe hui ke xue zhong de wen hua@dLa notion de culture dans les sciences sociales@f(法)丹尼斯·库什著@g张金岭译@zfre |
| 210 | @a北京@c商务印书馆@d2016 | |
| 215 | @a12,207页@d21cm | |
| 305 | @a据法国发现出版社2010年版译出 | |
| 330 | @a本书内容包括:“文化”一词及其观念的社会起源;科学意义上文化概念的发明;文化概念的胜利;文化间关系研究与文化概念的革新;社会阶序与文化阶序;文化与身份认同;企业文化与职业文化等。 | |
| 510 | 1 | @aNotion de culture dans les sciences sociales@zfre |
| 606 | 0 | @a文化研究@Awen hua yan jiu |
| 690 | @aG0@v5 | |
| 701 | 0 | @c(法)@a库什@Aku shen@c(Cuche, Denys)@4著 |
| 702 | 0 | @a张金岭@Azhang jin ling@4译 |
| 801 | 0 | @aCN@bTANGWEI@c20170517 |
| 905 | @b1007478-83@dG0@e107@f6 | |
| 社会科学中的文化=La notion de culture dans les sciences sociales/(法)丹尼斯·库什著/张金岭译.-北京:商务印书馆,2016 |
| 12,207页;21cm |
| ISBN 978-7-100-12413-3(精装):CNY32.00 |
| 本书内容包括:“文化”一词及其观念的社会起源;科学意义上文化概念的发明;文化概念的胜利;文化间关系研究与文化概念的革新;社会阶序与文化阶序;文化与身份认同;企业文化与职业文化等。 |
| ● |
| 相关链接 |
|
|
|
|
正题名:社会科学中的文化
索取号:G0/107
 
预约/预借
| 序号 | 登录号 | 条形码 | 馆藏地/架位号 | 状态 | 备注 |
| 1 | 1007478 | 210074783 | 第一样本阅览室/ [索取号:G0/107] | 在馆 | |
| 2 | 1007479 | 210074792 | 教育系资料室/ [索取号:G0/107] | 在馆 | |
| 3 | 1007480 | 210074809 | 教育系资料室/ [索取号:G0/107] | 在馆 | |
| 4 | 1007481 | 210074818 | 教育系资料室/ [索取号:G0/107] | 在馆 | |
| 5 | 1007482 | 210074827 | 第四借阅区/ [索取号:G0/107] | 在馆 | |
| 6 | 1007483 | 210074836 | 第四借阅区/ [索取号:G0/107] | 在馆 |